000167435 001__ 167435
000167435 005__ 20260121151437.0
000167435 037__ $$aTAZ-TFG-2025-638
000167435 041__ $$aspa
000167435 1001_ $$aManjavacas Insausti, Gabriel
000167435 24200 $$aImpact of Energy Drink Consumption in Youth: The Role of Marketing and Health Consequences
000167435 24500 $$aImpacto del consumo de bebidas energéticas en jóvenes: el papel del marketing y consecuencias para la salud
000167435 260__ $$aZaragoza$$bUniversidad de Zaragoza$$c2025
000167435 506__ $$aby-nc-sa$$bCreative Commons$$c3.0$$uhttp://creativecommons.org/licenses/by-nc-sa/3.0/
000167435 520__ $$aEn el presente trabajo se analiza el creciente consumo de bebidas energéticas entre los jóvenes, centrándose en los riesgos para la salud y el papel de la publicidad en su promoción. Mediante una revisión sistemática se revisaron estudios publicados entre 2010 y 2025 en distintas bases de datos. Se incluyeron 10 estudios con un total de 21.186 participantes de distintas regiones geográficas. El objetivo principal es analizar el impacto de la publicidad de las bebidas energéticas en los hábitos de consumo de los jóvenes así como sus implicaciones para la salud. También se pretende identificar patrones de consumo y el grado de conocimiento que tienen de estas bebidas.<br />Los resultados revelan un patrón común: los hombres jóvenes consumen más bebidas energéticas, y su consumo aumenta cuando existe poco conocimiento sobre sus efectos. Se observó también que la publicidad influye significativamente en la percepción positiva de estos productos.<br />Se concluye que la educación y la regulación son claves para reducir su consumo ya que el marketing crea una imagen atractiva que oculta los riesgos reales para la salud.<br /><br />
000167435 521__ $$aGraduado en Enfermería
000167435 540__ $$aDerechos regulados por licencia Creative Commons
000167435 691__ $$a3
000167435 692__ $$aFomentar estilos de vida saludables, y crear conocimiento/conciencia sobre el consumo de este tipo de productos.
000167435 700__ $$aSebastián Lascorz, Cristina$$edir.
000167435 7102_ $$aUniversidad de Zaragoza$$bFisiatría y Enfermería$$cEnfermería
000167435 8560_ $$f842659@celes.unizar.es
000167435 8564_ $$s651966$$uhttps://zaguan.unizar.es/record/167435/files/TAZ-TFG-2025-638.pdf$$yMemoria (spa)
000167435 909CO $$ooai:zaguan.unizar.es:167435$$pdriver$$ptrabajos-fin-grado
000167435 950__ $$a
000167435 951__ $$adeposita:2026-01-21
000167435 980__ $$aTAZ$$bTFG$$cEUCS
000167435 999__ $$a20250512124754.CREATION_DATE